000 00632nam a22002297a 4500
003 UA-OsUOA
001 70125
007 ta
008 20100830b un ||||| |||| 00| 0 ukr d
100 _aГрасиан Б.
090 _a821.161.1
_bГ77
942 _cBK
040 _aUA-OsUOA
_brus
_cUA-OsUOA
_dUA-OsUOA
245 _aКарманный оракул. Критикон
_cРед. Степанов Г. В.
300 _a632 с.
955 _a2
041 _arus
080 _a821.161.1
260 _aМ.
_bНаука
_c1984
650 7 _a82 Література. Літературознавство
_2UDC
999 _c356359
_d356359